000 00428nam a2200133Ia 4500
008 190508s9999 xx 000 0 und d
020 _a9.7814963729e+012
100 _aAllen Jr., Loyd V.
245 _cLoyd V. Allen, Jr.--
_aAnsel'spharmaceutical dosage forms and drug delivery systems /
260 _aUSA :
_bWolters Kluwer
_c2018
300 _ax, 630 pages ; 28 cm
650 _aDosage Forms
650 _aDrug Delivery Systems
999 _c361791
_d361791